Normal view
MARC view
Entry Personal Name
001 - CONTROL NUMBER
- control field: 41873
003 - CONTROL NUMBER IDENTIFIER
- control field: ARRUPE
005 - DATE AND TIME OF LATEST TRANSACTION
- control field: 20180903085916.0
008 - FIXED-LENGTH DATA ELEMENTS
- fixed length control field: 180903|| aca||aabn | a|a d
040 ## - CATALOGING SOURCE
- Original cataloging agency: ARRUPE
- Transcribing agency: ARRUPE
100 ## - HEADING--PERSONAL NAME
- Personal name: Scott, Alan,
- Dates associated with a name: 1956-
670 ## - SOURCE DATA FOUND
- Source citation: Work cat.: (ARRUPE)0: The Blackwell companion to political sociology /, c2001.